Концерт трио в составе: профессор М.Я. Хальфин (ф-но), профессор Ю.И. Эйдлин (скрипка), лауреат Всесоюзного конкурса Э.Г. Фишман (виолончель). Воскресенье 25 марта 1945 г. (Запись № 48841)
[ простой вид ]
| 000 -МАРКЕР | |
|---|---|
| контрольное поле | 03782nam0a2200541 4500 |
| 001 - ИДЕНТИФИКАТОР ЗАПИСИ | |
| контрольное поле | RU\NLR\BIBL_A\012012065 |
| 005 - ИДЕНТИФИКАТОР ВЕРСИИ | |
| контрольное поле | 20250809113155.0 |
| 020 ## - НОМЕР ДОКУМЕНТА В НАЦИОНАЛЬНОЙ БИБЛИОГРАФИИ | |
| Код страны | российская федерация |
| Основное заглавие издания Российской книжной палаты | Ленинград в Великой Отечественной войне. Коллекция. Афиши |
| 035 ## - ДРУГИЕ СИСТЕМНЫЕ НОМЕРА | |
| Идентификатор записи | (NLR Aleph) 012012065 |
| 100 ## - ДАННЫЕ ОБЩЕЙ ОБРАБОТКИ | |
| Данные общей обработки | 20190516d1945 u y0rusy50 ca |
| 101 0# - ЯЗЫК РЕСУРСА | |
| Язык текста, звукозаписи и т.д. | русский |
| 102 ## - СТРАНА ПУБЛИКАЦИИ ИЛИ ПРОИЗВОДСТВА | |
| Страна публикации | российская федерация |
| 105 ## - ПОЛЕ КОДИРОВАННЫХ ДАННЫХ: ТЕКСТОВЫЕ МАТЕРИАЛЫ, МОНОГРАФИЧЕСКИЕ | |
| Кодированные данные о монографическом текстовом документе | y z 000zy |
| 135 ## - ПОЛЕ КОДИРОВАННЫХ ДАННЫХ: ЭЛЕКТРОННЫЕ РЕСУРСЫ | |
| Кодированные данные для электронного ресурса | crcn 024anaba |
| 200 1# - ЗАГЛАВИЕ И СВЕДЕНИЯ ОБ ОТВЕТСТВЕННОСТИ | |
| Основное заглавие | Концерт трио в составе: профессор М.Я. Хальфин (ф-но), профессор Ю.И. Эйдлин (скрипка), лауреат Всесоюзного конкурса Э.Г. Фишман (виолончель). Воскресенье 25 марта 1945 г. |
| Сведения, относящиеся к заглавию | при участии: солиста Государственного Академичского театра Оперы и Балета им. Кирова В.И. Кильчевского. Партию ф-но исполняет В. Фруктов |
| -- | [афиша] |
| Первые сведения об ответственности | Камерный зал Ленинградской Государственной Филармонии (в помещении театра п/р. Е.С. Деммени) |
| 210 ## - ПУБЛИКАЦИЯ, РАСПРОСТРАНЕНИЕ И ДР. | |
| Место издания, распространения и т.д. | [Ленинград] |
| Имя издателя, распространителя и т. д. | ТЛ-4 |
| Дата издания, распространения и т.д. | 1945 |
| 215 ## - ФИЗИЧЕСКАЯ ХАРАКТЕРИСТИКА | |
| Специфическое обозначение материала и объем | 1 л. |
| Размеры | 49х69 |
| 300 ## - ОБЩИЕ ПРИМЕЧАНИЯ | |
| Текст примечания | Начало в 8 час. 30 м. вечера. Билеты продаются в кассах Филармонии, Камерного зала, в главн. театральной кассе и ее районных отделениях |
| 300 ## - ОБЩИЕ ПРИМЕЧАНИЯ | |
| Текст примечания | Зак. 624 |
| 325 ## - ПРИМЕЧАНИЕ О КОПИИ | |
| Текст примечания | Копия доступна в Электрон. б-ке РНБ |
| 327 ## - ПРИМЕЧАНИЯ О СОДЕРЖАНИИ | |
| Текст примечания | Программа: Брамс-трио c-moll, Рахманинов-трио d-moll, Чайковский, Рахманинов - романсы |
| 606 1# - НАИМЕНОВАНИЕ ТЕМЫ КАК ПРЕДМЕТ | |
| Наименование темы | Театральная жизнь |
| Географический подзаголовок | Ленинград, город |
| Хронологический подзаголовок | 1941 - 1944 |
| Формальный подзаголовок | Афиши |
| Код системы | nlr_sh2 |
| Идентификатор авторитетной/нормативной записи | RU\NLR\AUTH\6601649837 |
| 686 ## - ИНДЕКСЫ ДРУГИХ КЛАССИФИКАЦИЙ | |
| Индекс | Щ333(2Р=Рус)7- 692Ленинград |
| 702 #1 - ИМЯ ЛИЦА - ВТОРИЧНАЯ ОТВЕТСТВЕННОСТЬ | |
| Начальный элемент ввода | Хальфин |
| Часть имени, кроме начального элемента ввода | М. Я. |
| Дополнения к именам, кроме дат | пианист, педагог |
| Даты | 1907-1990 |
| Расширение инициалов личного имени | Моисей Яковлевич |
| Идентификатор авторитетной/нормативной записи | RU\NLR\AUTH\770203274 |
| Код отношения | Актер |
| 702 #1 - ИМЯ ЛИЦА - ВТОРИЧНАЯ ОТВЕТСТВЕННОСТЬ | |
| Начальный элемент ввода | Эйдлин |
| Часть имени, кроме начального элемента ввода | Ю. И. |
| Дополнения к именам, кроме дат | скрипач, педагог |
| Даты | 1896-1958 |
| Расширение инициалов личного имени | Юлий Ильич |
| Идентификатор авторитетной/нормативной записи | RU\NLR\AUTH\770203270 |
| Код отношения | Актер |
| 702 #1 - ИМЯ ЛИЦА - ВТОРИЧНАЯ ОТВЕТСТВЕННОСТЬ | |
| Начальный элемент ввода | Фишман |
| Часть имени, кроме начального элемента ввода | Э. Г. |
| Дополнения к именам, кроме дат | виолончелист, педагог |
| Даты | 1907-1988 |
| Расширение инициалов личного имени | Эммануил Григорьевич |
| Идентификатор авторитетной/нормативной записи | RU\NLR\AUTH\770202237 |
| Код отношения | Актер |
| 702 #1 - ИМЯ ЛИЦА - ВТОРИЧНАЯ ОТВЕТСТВЕННОСТЬ | |
| Начальный элемент ввода | Кильчевский |
| Часть имени, кроме начального элемента ввода | В. И. |
| Дополнения к именам, кроме дат | певец |
| Даты | 1899-1986 |
| Расширение инициалов личного имени | Виталий Игнатьевич |
| Идентификатор авторитетной/нормативной записи | RU\NLR\AUTH\770206320 |
| Код отношения | Актер |
| 702 #1 - ИМЯ ЛИЦА - ВТОРИЧНАЯ ОТВЕТСТВЕННОСТЬ | |
| Начальный элемент ввода | Фруктов |
| Часть имени, кроме начального элемента ввода | В. |
| Дополнения к именам, кроме дат | пианист |
| Идентификатор авторитетной/нормативной записи | RU\NLR\AUTH\770206337 |
| Код отношения | Актер |
| 712 02 - НАИМЕНОВАНИЕ ОРГАНИЗАЦИИ - ВТОРИЧНАЯ ОТВЕТСТВЕННОСТЬ | |
| Начальный элемент ввода | Ленинградская филармония им. Д. Д. Шостаковича |
| Структурное подразделение | Камерный зал |
| Идентификатор авторитетной/нормативной записи | RU\NLR\AUTH\880497262 |
| Код отношения | Прочие |
| 852 ## - МЕСТОНАХОЖДЕНИЕ И ШИФР ХРАНЕНИЯ | |
| Идентификатор организации | NLR |
| Шифр хранения (Call Number) | Л3-330а/4/3/1945-март(22) |
| 856 #0 - МЕСТОНАХОЖДЕНИЕ ЭЛЕКТРОННЫХ РЕСУРОВ И ДОСТУП К НИМ | |
| Универсальный идентификатор ресурса (Uniform Resource Identifier) | http://vivaldi.nlr.ru/la700000750/view |
| 856 #1 - МЕСТОНАХОЖДЕНИЕ ЭЛЕКТРОННЫХ РЕСУРОВ И ДОСТУП К НИМ | |
| Универсальный идентификатор ресурса (Uniform Resource Identifier) | http://vivaldi.nlr.ru/la700000750/cover |
| 856 #2 - МЕСТОНАХОЖДЕНИЕ ЭЛЕКТРОННЫХ РЕСУРОВ И ДОСТУП К НИМ | |
| Универсальный идентификатор ресурса (Uniform Resource Identifier) | http://vivaldi.nlr.ru/la700000750/text |
| 942 ## - ДОПОЛНИТЕЛЬНЫЕ ЭЛЕМЕНТЫ ЗАПИСИ (АБИС) | |
| Тип экземпляра АБИС | Визуальный материал |
| 945 ## - Информацию об издании предоставили: | |
| Полное название организации, предоставившей материал | Российская национальная библиотека |
| 980 ## - КОЛЛЕКЦИЯ | |
| Название коллекции | Национальная библиография |
| 980 ## - КОЛЛЕКЦИЯ | |
| Название коллекции | Библиография Победы |
| 980 3# - КОЛЛЕКЦИЯ | |
| Название коллекции | КП2019 Ленинград в Великой Отечественной войне |
| 980 3# - КОЛЛЕКЦИЯ | |
| Название коллекции | Книжные памятники РНБ |
| 981 37 - КОЛЛЕКЦИЯ ЭЛЕКТРОННОЙ БИБЛИОТЕКИ | |
| Название коллекции | Ленинград в Великой Отечественной войне |
| Название подколлекции | Афиши блокадного Ленинграда |
Нет доступных экземпляров.





